000 00492nam a2200181Ia 4500
005 20250508152408.0
008 008 250505s9999 xx 000 0 hin d
037 _aTextual
040 _aFEDL
_beng
_cFEDL
041 _ahin
_2hin
084 _a891.433, SHA
_qFEDL
100 _aSharma Gajanan
_9422086
245 0 _aSahitya ke prisht
260 _aAgra, India
_bVinod Pustak Mandir
_c1957
300 _a203p.
942 _cTEXL
_h891.433, SHA
999 _c1336159
_d1336159